00893nam a22002417a 4500999001900000005001700019010001300036020002600049035001300075037003600088082001300124100002300137245009700160250001200257260004800269270004400317300003400361500001800395700002300413700002600436942002700462952016200489 c182223d18222320211108141331.0 aB-741816 a9780070635531c380.00 aB-741816 bTata McGraw Hill Education/Gift a658.1511 aAnthony, Robert N. aAccounting:btext and cases /cby Robert Anthony, David F. Hawkins [and] Kenneth A. Merchant a12th ed aNew DelhibTata McGraw Hill Educationc2012 a7, West Patel Nagar,bNew Delhie110008 axxvi, 933p.:bill.c24cm(pbk) ainclude index aHawkins, David F.  aMerchant, Kenneth A.  2ddccENmANTh658.1511 001040708NFICaBNbBNd2021-11-08eEng/Gift/8.11.2021g380.00l2o658.1511 ANTpB-741816r2024-12-06 00:00:00s2024-10-15t1v380.00w2021-11-08yENzGift